1968 1345 1508 1207 1479 1807 1318 1633 1833 1232 1007 1402 1265 1065 1355 1959 1197 1971 1136 1701 1162 1770 1472 1301 1577 1222 1307 1841 1677 1611 1159 1355 1874 1061 1504 1625 1269 1146 1798 1046 1982 1958 1894 1863 1703 1602 1042 1218 1282 1927 1040 1452 1947 1051 1046 1117 1367 1317 1872 1830 1652 1437 1389 1611 1935 1457 1088 1285 1507 1778 1435 1581 1970 1062 1077 1417 1324 1425 1509 1384 1572 1419 1750 1695 1040 1811 1368 1278 1290 1179 1232 1097 1450 1269 1558 1403 1495 1791 1525 BCNSPRNW ULIB Ver.6.0+V

เปลี่ยนเป็นภาษาไทย

Change to English
 แสดงรายละเอียดบรรณานุกรม
  กลับหน้าหลัก

Brief Record : Get Marc (ISO 2709) : E-mail record : QR code < ปิดหน้าต่าง
LEADER : 00000nam 2200000uu 4500
001    13399113001
003     ULIB
008    110921s2551||||th 000 0 tha d
020    9789743891083
050  4 N1021^bส691ศ 2551
245 00 ศิลปกรรมพระประวัติและพระกรณียกิจในสมเด็จพระเจ้าพี่นางเธอ เจ้าฟ้ากัลยาณิวัฒนา กรมหลวงนราธิวาสราชนครินทร์ /^cสำนักงานศิลปวัฒนธรรมร่วมสมัย กระทรวงวัฒนธรรม
250    พิมพ์ครั้งที่ 1
260    กรุงเทพฯ :^bสำนักงานศิลปวัฒนธรรมร่วมสมัย,^c2551
300    203 หน้า :^bภาพประกอบสี ;^c26 ซม.
500    ชื่อเรื่องจากปกรัฐบาลในพระบาทสมเด็จพระปรมินทรมหาภูมิพลอดุลยเดชจัดพิมพ์ทูลเกล้าฯ ถวายสนองพระมหากรุณาธิคุณในงานพระราชพิธีพระราชทานเพลิงพระศพสมเด็จพระเจ้าพี่นางเธอ เจ้าฟ้ากัลยาณิวัฒนา กรมหลวงนราธิวาสราชนครินทร์ ณ พระเมรุ ท้องสนามหลวง วันเสาร์ที่ 15 พฤศจิกายน พุทธศักราช 2551
600 07 กัลยาณิวัฒนา กรมหลวงนราธิวาสราชนครินทร์,^cสมเด็จพระเจ้าพี่นางเธอ เจ้าฟ้า,^d2466-2551^xพระราชกรณียกิจ
600 07 กัลยาณิวัฒนา กรมหลวงนราธิวาสราชนครินทร์,^cสมเด็จพระเจ้าพี่นางเธอ เจ้าฟ้า,^d2466-2551^xภาพ
650  4 ศิลปกรรมไทย
710 2  สำนักงานศิลปวัฒนธรรมร่วมสมัย
945    ^p0^l0^i025117
945    ^p0^l0^i025118
995    ทศพร
999 ^a ทศพร
รายการนี้ยังไม่มีแท็ก
คุณยังไม่ได้ล็อกอิน คุณสามารถมีกิจกรรมร่วมกับเว็บไซต์ได้ แต่ต้องล็อกอินก่อน ::
  ล็อกอิน

รายการสื่อสารสนเทศ

ลำดับที่ ประเภท เลขเรียก/บาร์โค้ด สถานที่ สถานะ
- ไม่พบข้อมูล -

รายการใกล้เคียง
    หัวเรื่อง [ศิลปกรรมไทย]

BibComment


ยังไม่เคยถูกคอมเมนท์

คอมเมนท์ทรัพยากรรายการนี้
  คอมเมนท์: ศิลปกรรมพระประวัต..


 Copyright 2026. Bcnsprnw @Library